Lo cotidiano en la escuela. 40 años de etnografía escolar en Chile
Spremljeno u:
| Glavni autor: | |
|---|---|
| Daljnji autori: | |
| Format: | Knjiga |
| Jezik: | engleski |
| Izdano: |
Santiago, Chile:
Universitaria,
2018
|
| Izdanje: | 1a. ed. |
| Serija: | Estudios
|
| Teme: | |
| Oznake: |
Dodaj oznaku
Bez oznaka, Budi prvi tko označuje ovaj zapis!
|
MARC
| LEADER | 00000nam a22000007a 4500 | ||
|---|---|---|---|
| 003 | CL-VaPUC | ||
| 005 | 20220704130254.0 | ||
| 008 | 220603b2018 ||||| |||| 00| 0 eng d | ||
| 999 | |c 435774 |d 435772 | ||
| 020 | |a 978-956-11-2591-9 | ||
| 040 | |c Pontificia Universidad Católica de Valparaíso | ||
| 082 | |a 370.780983 ASS 2018 | ||
| 100 | 1 | |a Assaél Budnik, Jenny |e editora |9 870145 | |
| 245 | |a Lo cotidiano en la escuela. |b 40 años de etnografía escolar en Chile | ||
| 250 | |a 1a. ed. | ||
| 260 | |a Santiago, Chile: |b Universitaria, |c 2018 | ||
| 300 | |a 294 páginas | ||
| 490 | |a Estudios | ||
| 500 | |a c.1 Donación autoras. Memo 10/2022. 18/04/2022 | ||
| 583 | |c 20220603 |k Catalogador Asistente | ||
| 650 | |a Educación |x Investigación |z Chile |x Metodología |9 870309 | ||
| 650 | |a Etnografía escolar |z Chile |9 870310 | ||
| 650 | |a Etnografía educativa |z Chile |9 870311 | ||
| 650 | |a Sociología educacional |z Chile |9 870312 | ||
| 700 | |a Valdivia Barrios, Andrea |e editora |9 870146 | ||
| 942 | |2 ddc |c BK | ||
| 952 | |0 0 |1 0 |2 ddc |4 0 |6 370_780983000000000_ASS_2018 |7 0 |8 A |9 583377 |a BIBEDU |b BIBEDU |c GEN |d 2022-06-03 |e Donación |i 5651519 |l 2 |m 1 |o 370.780983 ASS 2018 |p 5651519 |r 2023-11-06 |s 2023-10-17 |t 1 |w 2022-06-03 |y BK |k EBA | ||